| 000 | 01392nam a22002777a 4500 | ||
|---|---|---|---|
| 005 | 20180813113551.0 | ||
| 008 | 090711t xxu||||| |||| 00| 0 hin d | ||
| 010 | _aHIN-87212 | ||
| 020 |
_c150.00 _a8187818867 |
||
| 035 | _aHN-59558 | ||
| 035 | _aB-103805, B-103812 ,B-103804 | ||
| 037 | _bDBAD / PUB | ||
| 040 |
_adpl _bhn |
||
| 082 | _a004.678 | ||
| 100 |
_aनारंग, प्रियंका _940204 |
||
| 245 |
_aकम्प्यूटर शिक्षा : _b(इंटरनेट और वेब डिजाइनिंग) / _cप्रियंका नारंग; मीनू पसरीजा द्वारा संकलित |
||
| 246 |
_aComputer Shikshaa _bby Priyanka Narang |
||
| 250 | _a2रा संस्क. | ||
| 260 |
_aनई दिल्ली _bलक्ष्य पब्लिकेशन्स _c2006 |
||
| 270 |
_a7/26 ग्राउण्ड फ्लोर, अंसारी रोड़, दरियागंज, _bनई दिल्ली _e110002 _k55749511, 55257538, |
||
| 300 |
_a104पृ. _c22सेमी (सजिल्द) |
||
| 650 |
_aकम्प्यूटर _xअध्ययन और अध्यापन _940205 |
||
| 650 |
_aComputer _xStudy and teaching _940206 |
||
| 700 |
_aपसरीजा, मीनू _940207 |
||
| 942 |
_2ddc _cHN _mनारंग _h004.678 |
||
| 999 |
_c28166 _d28166 |
||